Statistics for Countries With The Most Covid-19 Deaths - % of Cases

Click here to take the quiz!

General Stats

  • This quiz has been taken 8 times
  • The average score is 3 of 10

Answer Stats

RankPercentCountry% Correct
018.58%Mexico
71%
065.17%China
57%
074.74%Bolivia
29%
045.91%Ecuador
29%
055.66%Egypt
29%
104.11%Mali
29%
026.67%Sudan
29%
084.36%Afghanistan
14%
094.17%Bulgaria
14%
036.57%Syria
14%

Score Distribution

Percentile by Number Answered

Percent of People with Each Score

Your Score History

You have not taken this quiz